000 00786nam a2200241Ia 4500
003 OSt
005 20220918210324.0
006 a|||||r|||| 00| 0
007 ta
008 220917b |||||||| |||| 00| 0 eng d
024 _a120,012
037 _cTextual
040 _aARTS
_cARTS
_beng
041 _2eng
_aeng
082 _aV73:28tN55, J5
110 _aUnited States Of America, Commission On Organization Of The Executive Branch Of Government
_9117788
245 0 _aResearch and development in the government
_b report to the congress
260 _c1955
650 _aHISTORY
700 _aUnited States Of America, Commission On Organization Of The Executive Branch Of Government
_9117789
942 _hV73:28tN55, J5
_cTEXL
_2CC
999 _c243270
_d243270